High pressure science and technology: Proceedigs (Record no. 36467)

MARC details
000 -LEADER
fixed length control field 00317nam a2200121Ia 4500
082 ## - DEWEY DECIMAL CLASSIFICATION NUMBER
Classification number 621.7.044
Item number VOD.1
245 #0 - TITLE STATEMENT
Title High pressure science and technology: Proceedigs
260 ## - PUBLICATION, DISTRIBUTION, ETC. (IMPRINT)
Place of publication Oxford
Name of publisher Pergamon
Year of publication 1980
700 ## - ADDED ENTRY--PERSONAL NAME
Personal name Marteau, P
700 ## - ADDED ENTRY--PERSONAL NAME
Personal name Vodar, B
942 ## - ADDED ENTRY ELEMENTS (KOHA)
Koha item type Books
Holdings
Withdrawn status Lost status Damaged status Not for loan Home library Current library Date acquired Cost, normal purchase price Full call number Accession Number Koha item type
        RRII Library RRII Library 16/12/2021 230.00 621.7.044 VOD.1 16873 Books